| 000 | 00762nam a2200229 a 4500 | ||
|---|---|---|---|
| 003 | MX-MxUPN | ||
| 005 | 20221018063757.0 | ||
| 008 | 220607s1953 mx a||||r|||| 000 0 spa d | ||
| 040 |
_aMX-MxUPN _bspa _cMX-MxUPN |
||
| 041 | 0 | _aspa | |
| 050 | 1 | 4 |
_aLB1645 M6 _bR62 1953 |
| 100 | 1 |
_aRozán, José E. _943865 |
|
| 245 | 1 | 0 |
_aAritmética y nociones de geometría : _bcuarto libro |
| 250 | _aCuarta edición. | ||
| 260 |
_aMéxico, D.F. : _bProgreso, _c1953. |
||
| 300 |
_a408 páginas : _bilustraciones. |
||
| 650 | 4 |
_aAritmética _xEstudio y enseñanza (Secundaria) _97857 |
|
| 650 | 4 |
_aGeometría _xEstudio y enseñanza (Secundaria) _99157 |
|
| 650 | 4 |
_aAritmética _vLibros de texto _944734 |
|
| 650 | 4 |
_aGeometría _vLibros de texto _944735 |
|
| 942 |
_2lcc _cLIBRO |
||
| 999 |
_c208541 _d208541 |
||